| 000 | 00848nam a2200313 a 4500 | ||
|---|---|---|---|
| 003 | AR-BaBNM | ||
| 005 | 20251128203731.0 | ||
| 008 | 082120s2002 ||||||||||||||000 | spa|| | ||
| 040 | _cAR-BaBNM | ||
| 245 | 0 | 0 | _aAntología de la literatura española |
| 250 | _a2ª ed. | ||
| 260 |
_aMadrid _bCuenca _c1926 |
||
| 300 | _a586 p. | ||
| 500 | _aContiene índice alfabético de autores en p. 581-586 | ||
| 650 | 4 | _aCUENTOS | |
| 650 | 4 | _aLITERATURA ESPAÑOLA | |
| 650 | 4 | _aANTOLOGIAS | |
| 653 | _aROMANCES | ||
| 653 | _aPOESIA DRAMATICA | ||
| 653 | _aPOESIA RELIGIOSA | ||
| 653 | _aMESTER DE CLERECIA | ||
| 653 | _aMESTER DE JUGLARIA | ||
| 655 | _aLITERATURA | ||
| 700 | 1 |
_aHurtado, Juan _ecompilador |
|
| 700 | 1 |
_aSerna, Juan de la _ecompilador |
|
| 700 | 1 |
_aGonzález Palencia, Angel _ecompilador |
|
| 942 | _cBK | ||
| 998 | _cisola | ||
| 999 |
_c4708 _d4708 |
||